00495nam a2200121Ia 4500008004100000020002200041100002300063245008200086250001200168260004300180300005900223650009100282191021s9999 xx 000 0 und d a978-1-5249-8130-3 aSlattery Michael.  cSlattery Michael, Argenbright Kristi.--aExercises in environmental science / a5th ed. aDubuque, Ia. : bKendall Hunt .c2018. aiii,101 pages:b illustrations, forms, maps ;c28 cm. a Environmental sciences -- Study and teaching (Higher) More like this Similar Items